000 00353 a2200109 4500
001 ART_3051
005 20260410161712.0
008 260409a
245 1 0 _aLa medición empírica de la distribución funcional del ingreso
100 1 _aMonza, Alfredo
773 0 _tDesarrollo económico
_g- Vol. 13, Nº 50 (jul./sep. 1973)
_wREV1174
999 _c16170
_d16170